| 000 | 00840nam0a22002531 4500 | ||
|---|---|---|---|
| 001 | rc\126976 | ||
| 005 | 20260405183821.0 | ||
| 035 | _a(NLR Aleph) 005382612 | ||
| 090 |
_a7116671 _c7116671 |
||
| 100 | _a20021216d1992 |||y0rusy50 ca | ||
| 101 | 0 | _arus | |
| 102 | _aRU | ||
| 105 | _ay ||||||||| | ||
| 200 | 1 |
_aЗолотые перья жар-птицы _e[О Сергее Есенине к 100-летию со дня рождения] |
|
| 210 |
_aПущино _cБ. и. _d1992 |
||
| 215 |
_a42 с. _d17 |
||
| 225 | 1 | _aПоэтическая рукопись стихов | |
| 700 | 1 |
_8rus _7ca _aВолков _bЮ. А. _cпоэт _f1948- _gЮрий Александрович _3RU\NLR\AUTH\7780378 _963306 |
|
| 801 | 0 |
_aRU _bNLR _gpsbo |
|
| 801 | 1 |
_aRU _bELAR _2rusmarc |
|
| 852 |
_aNLR _j92-2/809 |
||
| 942 | _cBOOK | ||
| 980 | _aNB | ||